Normal view
MARC view
- MECHANICS, APPLIED, STATICS
Entry Topical Term
001 - CONTROL NUMBER
- control field: 64598
003 - CONTROL NUMBER IDENTIFIER
- control field: NUST
005 - DATE AND TIME OF LATEST TRANSACTION
- control field: 20210628203314.0
008 - FIXED-LENGTH DATA ELEMENTS
- fixed length control field: 210628|| aca||aabn | a|a d
040 ## - CATALOGING SOURCE
- Original cataloging agency: NUST
- Transcribing agency: NUST
150 ## - HEADING--TOPICAL TERM
- Topical term or geographic name entry element: MECHANICS, APPLIED, STATICS
670 ## - SOURCE DATA FOUND
- Source citation: Work cat.: (NUST): Meriam, J.L, Kraige, L.G 18451, Engineerng mechanics-statics, 1992
